APL Quantum (Record no. 99860)
[ view plain ]
| 000 -LEADER | |
|---|---|
| fixed length control field | 00635nam a2200217Ia 4500 |
| 005 - DATE AND TIME OF LATEST TRANSACTION | |
| control field | 20260415165552.0 |
| 008 - FIXED-LENGTH DATA ELEMENTS--GENERAL INFORMATION | |
| fixed length control field | 260406s9999 xx 000 0 und d |
| 022 ## - INTERNATIONAL STANDARD SERIAL NUMBER | |
| International Standard Serial Number | 2835-0103 |
| 041 ## - LANGUAGE CODE | |
| Language code of text/sound track or separate title | eng |
| 245 #0 - TITLE STATEMENT | |
| Title | APL Quantum |
| 264 #1 - PRODUCTION, PUBLICATION, DISTRIBUTION, MANUFACTURE, AND COPYRIGHT NOTICE | |
| Place of production, publication, distribution, manufacture | United States: |
| Name of producer, publisher, distributor, manufacturer | AIP Publishing LLC, |
| Date of production, publication, distribution, manufacture, or copyright notice | 2024. |
| 336 ## - CONTENT TYPE | |
| Source | rdacontent |
| Content type term | text |
| Content type code | txt |
| 337 ## - MEDIA TYPE | |
| Source | rdamedia |
| Media type term | computer |
| Media type code | c |
| 338 ## - CARRIER TYPE | |
| Source | rdacarrier |
| Carrier type term | online resource |
| Carrier type code | cr |
| 540 ## - TERMS GOVERNING USE AND REPRODUCTION NOTE | |
| -- | CC BY |
| 653 ## - INDEX TERM--UNCONTROLLED | |
| Uncontrolled term | Physics |
| 710 2# - ADDED ENTRY--CORPORATE NAME | |
| Corporate name or jurisdiction name as entry element | The Directory of Open Access Journals |
| 856 ## - ELECTRONIC LOCATION AND ACCESS | |
| Uniform Resource Identifier | <a href="https://doaj.org/toc/aebfee55d1f448faa306cb52c7af7ece">https://doaj.org/toc/aebfee55d1f448faa306cb52c7af7ece</a> |
| 856 ## - ELECTRONIC LOCATION AND ACCESS | |
| Uniform Resource Identifier | <a href="https://pubs.aip.org/aip/apq">https://pubs.aip.org/aip/apq</a> |
| 942 ## - ADDED ENTRY ELEMENTS (KOHA) | |
| Koha item type | E-JOURNALS |
| Withdrawn status | Damaged status | Not for loan | Home library | Current library | Date acquired | Total Checkouts | Date last seen | Price effective from | Koha item type |
|---|---|---|---|---|---|---|---|---|---|
| The Directory of Open Access Journals | The Directory of Open Access Journals | 04/01/2026 | 04/01/2026 | 04/01/2026 | E-JOURNALS |